[Event "Frankfurt Ch 2007"]
[Site "Ffm-Kalbach, LAZ"]
[Date "2007.06.11"]
[Round "6.1"]
[White "Uwira, Oliver"]
[Black "Milov, Leonid"]
[Result "0-1"]
[WhiteElo "2291"]
[BlackElo "2482"]
[PlyCount "78"]
[EventDate "2007.??.??"]

1. d4 f5 2. g3 Nf6 3. Bg2 d6 4. Nf3 g6 5. O-O Bg7 6. c4 O-O 7. Nc3 Na6 8. Rb1
c6 9. b4 Nc7 10. b5 Ne4 11. Bb2 Nxc3 12. Bxc3 cxb5 13. cxb5 Be6 14. a4 Bd5 15.
Rc1 Qd7 16. Ba5 b6 17. Bb4 Ne6 18. Ng5 Bxg2 19. Qb3 Qb7 20. Qxe6+ Kh8 21. Nf7+
Rxf7 22. Qxf7 Rf8 23. Qc4 Bxf1 24. Rxf1 Rc8 25. Qf7 Qe4 26. e3 g5 27. Bd2 h6
28. Qb3 Qc2 29. Qe6 Rf8 30. Bc1 Bf6 31. Qd7 Qxa4 32. Qxf5 Qc4 33. Bb2 a6 34.
bxa6 Qxa6 35. Ra1 Qe2 36. Qg6 Bg7 37. Qe4 Qxf2+ 38. Kh1 Qxb2 39. Ra8 Qc1+ 0-1

[Event "Frankfurt Ch 2007"]
[Site "Ffm-Kalbach, LAZ"]
[Date "2007.06.11"]
[Round "6.2"]
[White "Schlamp, Robert"]
[Black "Reschke, Stefan"]
[Result "1/2-1/2"]
[WhiteElo "2302"]
[BlackElo "2387"]
[PlyCount "58"]
[EventDate "2007.??.??"]

1. Nf3 Nf6 2. g3 g6 3. Bg2 Bg7 4. O-O O-O 5. c4 c6 6. Nc3 d5 7. cxd5 cxd5 8. d4
Nc6 9. Ne5 e6 10. Nxc6 bxc6 11. Bf4 Nd7 12. Na4 Ba6 13. Rc1 Qa5 14. Re1 Bb5 15.
Nc3 Qb4 16. Nxb5 cxb5 17. e4 Nb6 18. exd5 Nxd5 19. Bxd5 exd5 20. b3 Rac8 21.
Be5 Bh6 22. Rxc8 Rxc8 23. Rf1 Qe7 24. Qf3 Qe6 25. Kg2 b4 26. Re1 Re8 27. Ra1
Rc8 28. Re1 Re8 29. Ra1 Rc8 1/2-1/2

[Event "Frankfurt Ch 2007"]
[Site "Ffm-Kalbach, LAZ"]
[Date "2007.06.11"]
[Round "6.3"]
[White "Klundt, Klaus"]
[Black "Legde, Georg"]
[Result "1/2-1/2"]
[WhiteElo "2378"]
[BlackElo "2353"]
[PlyCount "72"]
[EventDate "2007.??.??"]

1. e4 c5 2. Nf3 d6 3. d4 Nf6 4. Nc3 cxd4 5. Nxd4 Nc6 6. Be2 e5 7. Nf3 h6 8. O-O
Be7 9. Be3 O-O 10. h3 Be6 11. Re1 a6 12. Nd2 Rc8 13. Nb3 Na5 14. Nd5 Nc4 15.
Bxc4 Rxc4 16. Qd3 Bxd5 17. exd5 Qc8 18. c3 e4 19. Qd2 Bd8 20. Rad1 Qf5 21. Qe2
b5 22. Nd2 Ra4 23. a3 Qxd5 24. Bd4 Re8 25. Bxf6 Bxf6 26. b3 Rxa3 27. Nc4 Qc5
28. Nxd6 Re6 29. Nxe4 Qf5 30. Qb2 b4 31. Nxf6+ Qxf6 32. Rxe6 fxe6 33. Rd3 a5
34. Rf3 Qe5 35. Re3 Qf6 36. Rf3 Qe5 1/2-1/2

[Event "Frankfurt Ch 2007"]
[Site "Ffm-Kalbach, LAZ"]
[Date "2007.06.11"]
[Round "6.4"]
[White "Telljohann, Sven"]
[Black "Kabir, Razaul"]
[Result "1-0"]
[WhiteElo "2419"]
[BlackElo "2101"]
[PlyCount "55"]
[EventDate "2007.??.??"]

1. Nf3 Nf6 2. g3 b6 3. Bg2 Bb7 4. c4 c5 5. O-O g6 6. Nc3 Bg7 7. d3 O-O 8. e4 d6
9. a3 Nc6 10. Rb1 Nd7 11. Bg5 h6 12. Bd2 e5 13. b4 Ne7 14. Qc1 Kh7 15. Nh4 Ng8
16. Bh3 Bf6 17. Ng2 Bg7 18. Ne3 Ndf6 19. a4 Bc8 20. Bxc8 Qxc8 21. a5 cxb4 22.
Rxb4 bxa5 23. Ra4 Ne7 24. Nb5 Ne8 25. Qa3 Qc5 26. Rxa5 Qxa3 27. Rxa3 a6 28.
Rfa1 1-0

[Event "Frankfurt Ch 2007"]
[Site "Ffm-Kalbach, LAZ"]
[Date "2007.06.11"]
[Round "6.5"]
[White "Gramlich, Sebastian"]
[Black "Schreiner, Roland"]
[Result "1/2-1/2"]
[WhiteElo "2248"]
[BlackElo "1970"]
[PlyCount "83"]
[EventDate "2007.??.??"]

1. d4 d5 2. c4 e6 3. Nf3 c6 4. g3 Bd6 5. Bg2 Nd7 6. Qc2 Ngf6 7. O-O O-O 8. Nbd2
e5 9. cxd5 cxd5 10. dxe5 Nxe5 11. Nxe5 Bxe5 12. Nf3 Qc7 13. Qb3 Be6 14. Nxe5
Qxe5 15. Re1 b6 16. Bf4 Qh5 17. Rad1 Rfd8 18. Rd4 Rac8 19. Qd1 Rd7 20. b3 Qf5
21. f3 Qc2 22. Be5 Qxa2 23. Rd2 Qa5 24. Bd4 Rdc7 25. e3 Rc1 26. Qe2 Qb4 27.
Rxc1 Rxc1+ 28. Rd1 Rxd1+ 29. Qxd1 a5 30. g4 Nd7 31. f4 f6 32. g5 fxg5 33. fxg5
Nc5 34. Qh5 Bf7 35. g6 hxg6 36. Qe5 Ne6 37. Bc3 Qxb3 38. Bxd5 Qd1+ 39. Kf2 Qc2+
40. Ke1 Qc1+ 41. Kf2 Qc2+ 42. Ke1 1/2-1/2

[Event "Frankfurt Ch 2007"]
[Site "Ffm-Kalbach, LAZ"]
[Date "2007.06.11"]
[Round "6.6"]
[White "Janotta, Steffi"]
[Black "Kayser, Felix"]
[Result "0-1"]
[WhiteElo "2028"]
[BlackElo "2194"]
[PlyCount "52"]
[EventDate "2007.??.??"]

1. e4 d5 2. exd5 Qxd5 3. Nc3 Qd6 4. d4 Nf6 5. Bc4 a6 6. a4 Bg4 7. f3 Bf5 8.
Nge2 Nc6 9. Be3 e6 10. Qd2 O-O-O 11. O-O-O Qb4 12. Bb3 Na5 13. Ba2 Nc4 14. Bxc4
Qxc4 15. Ng3 Bg6 16. Qe2 Qb4 17. h4 h5 18. Bg5 Rd6 19. Nge4 Rb6 20. b3 Nxe4 21.
Nxe4 f5 22. Nc5 f4 23. Ne4 Bxe4 24. Qxe4 Qc3 25. Rde1 Bb4 26. Kd1 Qd2# 0-1

[Event "Frankfurt Ch 2007"]
[Site "Ffm-Kalbach, LAZ"]
[Date "2007.06.11"]
[Round "6.7"]
[White "Krüger, Till"]
[Black "Diekmann, HanJo"]
[Result "0-1"]
[WhiteElo "2048"]
[BlackElo "2199"]
[PlyCount "81"]
[EventDate "2007.??.??"]

1. e4 c5 2. Nf3 a6 3. c3 d5 4. exd5 Qxd5 5. d4 Nf6 6. Be2 cxd4 7. cxd4 e6 8.
O-O Be7 9. Nc3 Qd6 10. Ne5 Nc6 11. Nxc6 bxc6 12. Bf3 O-O 13. Na4 Rb8 14. b3 Rd8
15. Bb2 Nd5 16. Qe2 Bf6 17. Rfd1 Re8 18. Nc5 Qf4 19. g3 Qc7 20. Bxd5 cxd5 21.
Rac1 Qb6 22. Rc2 a5 23. Kg2 g6 24. Bc1 e5 25. dxe5 Rxe5 26. Be3 Bf5 27. Nd3 d4
28. Nxe5 Bxe5 29. Bh6 Re8 30. Rcd2 Qc6+ 31. f3 Bg7 32. Qc4 Qxc4 33. bxc4 Bxh6
34. Rxd4 Re2+ 35. Kf1 Rxa2 36. Rd8+ Kg7 37. f4 Be6 38. Rc1 g5 39. Rd4 gxf4 40.
gxf4 Rxh2 41. c5 0-1

[Event "Frankfurt Ch 2007"]
[Site "Ffm-Kalbach, LAZ"]
[Date "2007.06.11"]
[Round "6.8"]
[White "Isserman, Ryhor"]
[Black "Hoti, Safet"]
[Result "1-0"]
[WhiteElo "2296"]
[BlackElo "1952"]
[PlyCount "117"]
[EventDate "2007.??.??"]

1. e4 c5 2. Nf3 Nc6 3. Bb5 d6 4. c3 Bd7 5. d4 cxd4 6. cxd4 Qb6 7. Nc3 a6 8. Ba4
g6 9. d5 Nb8 10. Be3 Qa5 11. Bd4 Nf6 12. O-O b5 13. Bb3 Bg7 14. e5 dxe5 15.
Nxe5 O-O 16. a4 bxa4 17. Nc4 Qc7 18. d6 exd6 19. Nb6 axb3 20. Nxa8 Qb7 21. Nb6
Be6 22. Qd3 Nc6 23. Bxf6 Bxf6 24. Nbd5 Be5 25. Rxa6 Bxc3 26. Rxc6 Be5 27. Rd1
Bf5 28. Qc4 Bc2 29. Re1 Qa7 30. Rc7 Qd4 31. Ne3 Qd2 32. Nxc2 d5 33. Qxb3 Bxc7
34. Qc3 Qf4 35. g3 Qd6 36. Nd4 Bb6 37. b4 Qf6 38. Rd1 h5 39. h4 Kh7 40. Kg2 Ba7
41. Rd2 Rd8 42. b5 Bb6 43. Qd3 Rd6 44. Nf3 d4 45. Ng5+ Kg7 46. Ne4 Qe5 47. Nxd6
Qxd6 48. Rc2 Qd5+ 49. Kg1 Bd8 50. Rc4 Bf6 51. Rc7 Qe5 52. Qc4 Qe1+ 53. Kg2 Qe4+
54. Kh2 Be7 55. Rd7 Qf5 56. Rxe7 Qxf2+ 57. Kh3 Qf5+ 58. Kg2 Qf6 59. Qxf7+ 1-0

[Event "Frankfurt Ch 2007"]
[Site "Ffm-Kalbach, LAZ"]
[Date "2007.06.11"]
[Round "6.9"]
[White "Sadeghi, Behrang"]
[Black "Biegel, Thomas"]
[Result "1-0"]
[WhiteElo "2283"]
[BlackElo "2054"]
[PlyCount "106"]
[EventDate "2007.??.??"]

1. e4 c6 2. d4 d5 3. f3 e6 4. Nc3 Bb4 5. e5 Ne7 6. a3 Ba5 7. b4 Bb6 8. Bg5 h6
9. Bh4 Qc7 10. Bf2 a5 11. Rb1 axb4 12. axb4 Nd7 13. Bd3 Ra3 14. Nce2 Qb8 15. f4
f5 16. Nf3 Ba7 17. Qc1 Ra4 18. Nc3 Nb6 19. O-O Qc7 20. Nxa4 Nxa4 21. Qa3 b5 22.
Ra1 Bb8 23. Rfc1 Nb6 24. Qa5 O-O 25. Be3 Re8 26. c3 Nc4 27. Qxc7 Bxc7 28. Bf2
Ng6 29. g3 Nb2 30. Bc2 Nc4 31. Ra7 Bb6 32. Ra8 Kf8 33. Rca1 Ke7 34. Kf1 Kd8 35.
Ke2 Kc7 36. Nd2 Nxd2 37. Kxd2 h5 38. Be3 Kb7 39. R8a2 Kc7 40. Rg1 Rh8 41. h3
Nf8 42. Ra8 Kb7 43. Raa1 g6 44. Rh1 Bd8 45. Raf1 Bd7 46. g4 h4 47. Bd1 Rh6 48.
Be2 Rh8 49. Ra1 Bb6 50. Rhg1 Bc8 51. Rg2 Bd7 52. Rag1 Bc8 53. Ra1 Bd7 {...} 1-0

[Event "Frankfurt Ch 2007"]
[Site "Ffm-Kalbach, LAZ"]
[Date "2007.06.11"]
[Round "6.10"]
[White "Benninger, Rudolf"]
[Black "Noble, Alexander"]
[Result "0-1"]
[WhiteElo "2130"]
[BlackElo "2105"]
[PlyCount "124"]
[EventDate "2007.??.??"]

1. e4 d6 2. d4 Nf6 3. Nc3 c6 4. f4 Qa5 5. Bd2 Qb6 6. Nf3 Bg4 7. h3 Bxf3 8. Qxf3
Qxd4 9. O-O-O e6 10. g4 d5 11. e5 Nfd7 12. Be3 Qb4 13. Qg3 Na6 14. Rd4 Qe7 15.
Bxa6 bxa6 16. Ra4 Nb6 17. Bxb6 axb6 18. f5 Qc7 19. Rf1 Bc5 20. fxe6 fxe6 21.
Ne2 Rf8 22. Raf4 O-O-O 23. Rxf8 Rxf8 24. Rxf8+ Bxf8 25. Nd4 Qd7 26. Qd3 Kb7 27.
Qxh7 Qf7 28. Ne2 c5 29. Kd2 b5 30. h4 c4 31. g5 b4 32. c3 Kb6 33. g6 Qf5 34.
Qg8 a5 35. Qf7 bxc3+ 36. bxc3 Qd3+ 37. Ke1 Qb1+ 38. Kf2 Bc5+ 39. Nd4 Bxd4+ 40.
cxd4 Qc2+ 41. Kg3 Qd3+ 42. Kg2 Qe4+ 43. Kf1 Qh1+ 44. Ke2 Qg2+ 45. Ke1 Qe4+ 46.
Kd1 Qg4+ 47. Kc2 Qe2+ 48. Kc1 Qe3+ 49. Kc2 Qd3+ 50. Kc1 Qxd4 51. Qxe6+ Kb5 52.
Qd7+ Kb4 53. Qd6+ Ka4 54. Qd7+ Ka3 55. Qb5 Qc3+ 56. Kd1 Qa1+ 57. Kd2 Qb2+ 58.
Qxb2+ Kxb2 59. e6 c3+ 60. Kd3 c2 61. e7 c1=Q 62. e8=Q Qd1+ 0-1

[Event "Frankfurt Ch 2007"]
[Site "Ffm-Kalbach, LAZ"]
[Date "2007.06.11"]
[Round "6.11"]
[White "Kreiling, Carsten"]
[Black "Schwenkreis, Thomas"]
[Result "0-1"]
[WhiteElo "2140"]
[BlackElo "2054"]
[PlyCount "52"]
[EventDate "2007.??.??"]

1. d4 Nf6 2. Nf3 d6 3. c4 Bf5 4. Nc3 h6 5. e3 Nbd7 6. Bd3 Bxd3 7. Qxd3 g6 8.
O-O Bg7 9. e4 O-O 10. Bd2 c5 11. d5 a6 12. h3 Rb8 13. Rfe1 Qc7 14. a4 Ne8 15.
Rab1 Kh7 16. Bf4 Ne5 17. Nxe5 dxe5 18. Be3 Nd6 19. b4 b6 20. a5 b5 21. cxb5
cxb4 22. Rxb4 Rfc8 23. Rb3 Qxa5 24. Ba7 Rb7 25. b6 Rc4 26. Nb1 Qxe1+ 0-1

[Event "Frankfurt Ch 2007"]
[Site "Ffm-Kalbach, LAZ"]
[Date "2007.06.11"]
[Round "6.12"]
[White "Klyszcz, Michael"]
[Black "Schell, Walter"]
[Result "0-1"]
[WhiteElo "2037"]
[BlackElo "2139"]
[PlyCount "110"]
[EventDate "2007.??.??"]

1. Nf3 d5 2. c4 e6 3. g3 Nf6 4. Bg2 Be7 5. O-O O-O 6. b3 b6 7. Bb2 Bb7 8. d4
Nbd7 9. Nc3 c6 10. Qc2 Rc8 11. Rfd1 c5 12. e4 cxd4 13. Nxd4 Nxe4 14. Nxe4 dxe4
15. Bxe4 Bxe4 16. Qxe4 Bf6 17. Rac1 Nc5 18. Qe2 Qc7 19. Nb5 Qe7 20. Bxf6 gxf6
21. Nd4 Rfd8 22. Nf5 Qf8 23. Qg4+ Kh8 24. Nd4 a6 25. Qf3 f5 26. Nc6 Rd6 27. Ne5
Rcd8 28. Rxd6 Rxd6 29. Qh5 Kg8 30. Qg5+ Qg7 31. Qxg7+ Kxg7 32. b4 Ne4 33. c5
bxc5 34. bxc5 Rd5 35. f3 Rxc5 36. Rxc5 Nxc5 37. Kf2 Kf6 38. f4 Ke7 39. Ke3 f6
40. Nc4 Kd7 41. Kd4 Kc6 42. Na5+ Kb5 43. Nc4 Ne4 44. Ne3 h5 45. Nc2 Nf2 46.
Na3+ Kc6 47. Nc4 Ng4 48. h3 Nf2 49. Ke3 Ne4 50. g4 hxg4 51. hxg4 Kc5 52. gxf5
exf5 53. Na3 Kb4 54. Nc2+ Kc3 55. Nd4 Nd6 0-1

[Event "Frankfurt Ch 2007"]
[Site "Ffm-Kalbach, LAZ"]
[Date "2007.06.11"]
[Round "6.13"]
[White "Minor, Samuel"]
[Black "Göbel, Andreas"]
[Result "1-0"]
[WhiteElo "2137"]
[BlackElo "2063"]
[PlyCount "87"]
[EventDate "2007.??.??"]

1. e4 c5 2. Nf3 Nc6 3. d4 cxd4 4. Nxd4 Nf6 5. Nc3 d6 6. Bg5 e5 7. Ndb5 a6 8.
Na3 Be6 9. Nc4 b5 10. Bxf6 gxf6 11. Ne3 Bg7 12. g3 O-O 13. Bg2 Qd7 14. O-O Rad8
15. Qh5 Ne7 16. a3 f5 17. exf5 Nxf5 18. Be4 Nh6 19. Rad1 f5 20. Bd5 f4 21.
Bxe6+ Qxe6 22. Ned5 fxg3 23. hxg3 Rf7 24. Ne4 Qg4 25. Qxg4 Nxg4 26. Rd3 Bf8 27.
Rfd1 Rc8 28. f3 Nh6 29. c3 Rg7 30. Ne3 Nf7 31. Nf5 Rg6 32. Nfxd6 Nxd6 33. Nxd6
Bxd6 34. Rxd6 Rxg3+ 35. Kf2 Rg6 36. Rxg6+ hxg6 37. Rd6 a5 38. Rxg6+ Kf7 39. Rb6
Rc5 40. Ke3 a4 41. Ra6 Ke7 42. Ke4 Kd7 43. Rb6 Kc7 44. Re6 1-0

[Event "Frankfurt Ch 2007"]
[Site "Ffm-Kalbach, LAZ"]
[Date "2007.06.11"]
[Round "6.14"]
[White "Graebner, Walter"]
[Black "Rubel, Julian"]
[Result "1/2-1/2"]
[WhiteElo "2049"]
[BlackElo "2125"]
[PlyCount "59"]
[EventDate "2007.??.??"]

1. d4 Nf6 2. Nf3 e6 3. c4 Bb4+ 4. Bd2 Qe7 5. e3 Bxd2+ 6. Nbxd2 d6 7. Qc2 e5 8.
Bd3 O-O 9. O-O Nc6 10. a3 Bg4 11. d5 Nb8 12. Ng5 h6 13. Nh7 Nxh7 14. Bxh7+ Kh8
15. Bf5 Bxf5 16. Qxf5 g6 17. Qc2 a5 18. b4 Na6 19. Qc3 axb4 20. axb4 c6 21.
dxc6 bxc6 22. b5 cxb5 23. cxb5 Nc5 24. Nb3 Nxb3 25. Qxb3 Qb7 26. h3 Kg7 27.
Rxa8 Rxa8 28. Rd1 Qb6 29. Qd5 Ra5 30. Qxd6 1/2-1/2

[Event "Frankfurt Ch 2007"]
[Site "Ffm-Kalbach, LAZ"]
[Date "2007.06.11"]
[Round "6.15"]
[White "Penzel, Nils"]
[Black "Orwatsch, Gerhard"]
[Result "1/2-1/2"]
[WhiteElo "2002"]
[BlackElo "2082"]
[PlyCount "36"]
[EventDate "2007.??.??"]

1. d4 e6 2. c4 c5 3. d5 d6 4. Nc3 Nf6 5. e4 e5 6. f4 Nfd7 7. Nf3 Be7 8. Bd3 O-O
9. O-O a6 10. Be3 exf4 11. Bxf4 f6 12. Be2 Ne5 13. Nxe5 fxe5 14. Bc1 Nd7 15.
Bg4 Rxf1+ 16. Qxf1 Nf8 17. Bxc8 Qxc8 18. Qe2 Qd7 1/2-1/2

[Event "Frankfurt Ch 2007"]
[Site "Ffm-Kalbach, LAZ"]
[Date "2007.06.11"]
[Round "6.16"]
[White "Solonar, Stefan"]
[Black "Kohlbruch, Jens"]
[Result "1-0"]
[WhiteElo "2345"]
[BlackElo "1880"]
[PlyCount "79"]
[EventDate "2007.??.??"]

1. Nf3 Nf6 2. c4 c5 3. Nc3 Nc6 4. d4 cxd4 5. Nxd4 g6 6. e4 d6 7. f3 Bg7 8. Be3
O-O 9. Qd2 Bd7 10. Be2 a6 11. O-O Nxd4 12. Bxd4 Bc6 13. b4 Qc7 14. Rac1 Rac8
15. Qe3 Be8 16. f4 e6 17. e5 Nd7 18. exd6 Qxd6 19. Bxg7 Kxg7 20. c5 Qe7 21. Ne4
Nf6 22. Nd6 Rc7 23. Bf3 Bc6 24. Bxc6 bxc6 25. Qd4 Kg8 26. Rce1 Qd8 27. Qc4 Ra7
28. Rf3 Nd5 29. Ne4 Qb8 30. a3 Qb5 31. Qd4 a5 32. Nd6 Qa4 33. f5 exf5 34. Nxf5
f6 35. Ne3 Nxe3 36. Rfxe3 axb4 37. axb4 Rb7 38. Qc4+ Kg7 39. Re7+ Rf7 40. Qxf7+
1-0

[Event "Frankfurt Ch 2007"]
[Site "Ffm-Kalbach, LAZ"]
[Date "2007.06.11"]
[Round "6.17"]
[White "Hierling, Stefan"]
[Black "Kolker, Vladislav"]
[Result "1/2-1/2"]
[WhiteElo "1891"]
[BlackElo "2112"]
[PlyCount "120"]
[EventDate "2007.??.??"]

1. e4 c5 2. Nc3 d6 3. Nf3 a6 4. d4 cxd4 5. Nxd4 Nf6 6. Bd3 e5 7. Nde2 Be7 8.
O-O Be6 9. h3 b5 10. a3 Nbd7 11. Ng3 Nc5 12. Be2 O-O 13. Be3 Qc7 14. Rc1 Rad8
15. Qe1 d5 16. exd5 Nxd5 17. Nxd5 Bxd5 18. c4 bxc4 19. Bxc4 Qb7 20. Bxd5 Rxd5
21. Bxc5 Bxc5 22. Qe4 Bd4 23. Rc2 Rfd8 24. b4 g6 25. Qg4 Qe7 26. Rfc1 R5d7 27.
Kh1 a5 28. bxa5 Qxa3 29. Rc8 Bxf2 30. Nh5 Qe7 31. Qxd7 Qxd7 32. Nf6+ Kg7 33.
Nxd7 Rxd7 34. R8c7 Rd6 35. Rf1 Rd2 36. Rb1 Ra2 37. Rbb7 Ra1+ 38. Kh2 Bg1+ 39.
Kh1 Bb6+ 40. Kh2 Bxc7 41. Rxc7 Rxa5 42. Kg3 Ra2 43. Rb7 h6 44. Rc7 g5 45. Kf3
Kg6 46. g4 Ra3+ 47. Kg2 f6 48. Rc6 Ra7 49. Kf3 Ra4 50. Rc1 h5 51. Rc7 hxg4+ 52.
hxg4 Rf4+ 53. Kg3 Ra4 54. Re7 Ra3+ 55. Kf2 Ra6 56. Kf3 Ra4 57. Kg3 e4 58. Kf2
Ra2+ 59. Ke3 Ra3+ 60. Kf2 Rf3+ 1/2-1/2

[Event "Frankfurt Ch 2007"]
[Site "Ffm-Kalbach, LAZ"]
[Date "2007.06.11"]
[Round "6.19"]
[White "Henrich, Thomas"]
[Black "Tierling, Detlef"]
[Result "1-0"]
[WhiteElo "2179"]
[BlackElo "2042"]
[PlyCount "83"]
[EventDate "2007.??.??"]

1. d4 Nf6 2. c4 c5 3. d5 b5 4. cxb5 a6 5. Nc3 axb5 6. e4 b4 7. Nb5 d6 8. Bf4
Nbd7 9. Nf3 Ba6 10. e5 Qb8 11. Nxd6+ exd6 12. Bxa6 dxe5 13. Nxe5 Nxe5 14. Qe2
Bd6 15. Bxe5 Bxe5 16. f4 O-O 17. fxe5 Nxd5 18. O-O Qa7 19. Bc4 Nb6 20. a4 Nxc4
21. Qxc4 Qe7 22. Rfe1 Rfd8 23. e6 f6 24. Rad1 Kf8 25. b3 g6 26. h4 Kg7 27. h5
Ra7 28. Rxd8 Qxd8 29. Qxc5 Qe7 30. Qd4 Rc7 31. Qf4 Qc5+ 32. Kf1 Qe7 33. h6+ Kf8
34. Re4 Rb7 35. Qc1 Rb8 36. Qc6 Re8 37. Qb6 f5 38. Rxb4 Qf6 39. Qd4 Qxd4 40.
Rxd4 Rxe6 41. Rd8+ Kf7 42. a5 1-0

[Event "Frankfurt Ch 2007"]
[Site "Ffm-Kalbach, LAZ"]
[Date "2007.06.11"]
[Round "6.21"]
[White "Ganjian, Mehrdad"]
[Black "Syed, Tareq"]
[Result "1/2-1/2"]
[WhiteElo "1798"]
[BlackElo "2101"]
[PlyCount "39"]
[EventDate "2007.??.??"]

1. e4 d6 2. Be2 g6 3. f4 Bg7 4. d3 Nf6 5. c3 c6 6. Be3 b5 7. Nd2 a5 8. Bf3 a4
9. Rc1 Bb7 10. Ne2 Nbd7 11. O-O O-O 12. Ng3 Qa5 13. d4 c5 14. f5 Rac8 15. Qe2
Ba6 16. Qf2 Bb7 17. Bf4 Qa8 18. Be2 c4 19. Bf3 a3 20. Rc2 1/2-1/2

[Event "Frankfurt Ch 2007"]
[Site "Ffm-Kalbach, LAZ"]
[Date "2007.06.11"]
[Round "6.22"]
[White "Behnick, Eckhard"]
[Black "Matthis, Peter"]
[Result "1-0"]
[WhiteElo "2169"]
[BlackElo "1785"]
[PlyCount "59"]
[EventDate "2007.??.??"]

1. Nf3 Nf6 2. d4 g6 3. c4 Bg7 4. Nc3 O-O 5. e4 d6 6. Be2 c6 7. O-O Qc7 8. Bf4
Nh5 9. Bg5 Re8 10. Qd2 e5 11. Rac1 Nd7 12. b4 Bh8 13. Rfd1 Nf8 14. d5 c5 15.
bxc5 Qxc5 16. Ne1 a6 17. Bxh5 gxh5 18. Qe2 Bg4 19. Nf3 Ng6 20. h3 Bxf3 21. Qxf3
Rac8 22. Ne2 Rc7 23. Ng3 f6 24. Be3 Qa3 25. Nxh5 Rf8 26. Qf5 Bg7 27. c5 dxc5
28. d6 Rc6 29. Qd7 Rf7 30. Qxf7+ 1-0

[Event "Frankfurt Ch 2007"]
[Site "Ffm-Kalbach, LAZ"]
[Date "2007.06.11"]
[Round "6.23"]
[White "Zuyev, Igor"]
[Black "Geringer, Waldemar"]
[Result "1-0"]
[WhiteElo "2172"]
[BlackElo "1862"]
[PlyCount "65"]
[EventDate "2007.??.??"]

1. e4 c5 2. Nc3 d6 3. f4 Nc6 4. Nf3 g6 5. Bb5 Bd7 6. O-O Bg7 7. d3 a6 8. Bc4 e6
9. a4 Nge7 10. Qe1 Nb4 11. Bb3 Nec6 12. f5 Nd4 13. Nxd4 Bxd4+ 14. Kh1 Qe7 15.
Qg3 Be5 16. Bf4 Bxf4 17. Qxf4 g5 18. Qd2 h5 19. d4 g4 20. dxc5 dxc5 21. fxe6
fxe6 22. e5 O-O-O 23. Ne4 Bc6 24. Nd6+ Kb8 25. Qc3 Qh4 26. Bxe6 Nxc2 27. Qxc2
g3 28. h3 Rh6 29. Qf5 Rxe6 30. Qxe6 b5 31. axb5 axb5 32. Ra6 Bxg2+ 33. Kxg2 1-0

[Event "Frankfurt Ch 2007"]
[Site "Ffm-Kalbach, LAZ"]
[Date "2007.06.11"]
[Round "6.24"]
[White "Benikhis, Avram"]
[Black "Schöne, Matthias"]
[Result "0-1"]
[WhiteElo "1797"]
[BlackElo "2025"]
[PlyCount "68"]
[EventDate "2007.??.??"]

1. d4 Nf6 2. c4 c5 3. d5 b5 4. b3 Bb7 5. Nf3 e6 6. dxe6 fxe6 7. cxb5 Be7 8. e3
O-O 9. Bb2 a6 10. a4 Ng4 11. Be2 Bf6 12. Qc2 axb5 13. O-O Qc7 14. Bxf6 Bxf3 15.
g3 Bxe2 16. Qxe2 Nxf6 17. Qxb5 Qc6 18. Nc3 Nd5 19. Nxd5 exd5 20. Qxc6 dxc6 21.
Rfc1 Na6 22. b4 c4 23. b5 cxb5 24. axb5 Nc5 25. Rxa8 Rxa8 26. f3 Rb8 27. e4 Nd3
28. Rc3 dxe4 29. fxe4 Ne5 30. Kf2 Rxb5 31. Ke3 Rb3 32. Rxb3 cxb3 33. Kd2 b2 34.
Kc2 Nc4 0-1

[Event "Frankfurt Ch 2007"]
[Site "Ffm-Kalbach, LAZ"]
[Date "2007.06.11"]
[Round "6.25"]
[White "Bischoff, Ulrich"]
[Black "Genis, Roy"]
[Result "0-1"]
[WhiteElo "2090"]
[BlackElo "1895"]
[PlyCount "82"]
[EventDate "2007.??.??"]

1. e4 e5 2. Nf3 Nc6 3. d4 exd4 4. Nxd4 Qh4 5. Nc3 Bb4 6. Be2 Qxe4 7. Ndb5 Bxc3+
8. bxc3 Kd8 9. O-O Nf6 10. Bg5 d6 11. Re1 Qf5 12. Bh4 Re8 13. c4 a6 14. Nxd6
cxd6 15. Qxd6+ Bd7 16. Bf3 Rc8 17. Rxe8+ Kxe8 18. Re1+ Be6 19. Bd5 Nd8 20. f3
h5 21. Bf2 Nd7 22. Bd4 g5 23. c3 Qf4 24. Qb4 Qc7 25. g3 Nc6 26. Qb1 Nxd4 27.
cxd4 Nf8 28. Qf5 Qe7 29. Qe5 Ng6 30. Qg7 Nf8 31. f4 gxf4 32. gxf4 f5 33. Qh6
Kd7 34. c5 Qf7 35. Bxb7 Rc7 36. Bxa6 Ng6 37. Bb5+ Kc8 38. Qxh5 Nxf4 39. Qh8+
Kb7 40. c6+ Kb6 41. Qa8 Qg6+ 0-1

[Event "Frankfurt Ch 2007"]
[Site "Ffm-Kalbach, LAZ"]
[Date "2007.06.11"]
[Round "6.26"]
[White "Rotermund, Verena"]
[Black "Cors, Heinz-Friedrich"]
[Result "0-1"]
[WhiteElo "1784"]
[BlackElo "2008"]
[PlyCount "80"]
[EventDate "2007.??.??"]

1. e4 c6 2. d4 d5 3. f3 e6 4. Bd3 dxe4 5. fxe4 Qxd4 6. Qf3 Qb6 7. Ne2 Nd7 8.
Rf1 Ngf6 9. b3 Bd6 10. Bb2 Ne5 11. Qh3 Nxd3+ 12. Qxd3 Qc7 13. Nd2 Be5 14. Nd4
Bd7 15. O-O-O c5 16. Nb5 Bxb2+ 17. Kxb2 Bxb5 18. Qxb5+ Qc6 19. Qe2 O-O 20. g4
b5 21. g5 Nd7 22. e5 c4 23. Ne4 Kh8 24. g6 fxg6 25. Ng5 c3+ 26. Kc1 Qc5 27.
Rxf8+ Nxf8 28. Rf1 Qa3+ 29. Kd1 Rd8+ 30. Ke1 Qc1+ 31. Kf2 Qxg5 32. Qf3 Qf5 33.
Kg1 Qxf3 34. Rxf3 b4 35. Rf7 Kg8 36. Rxa7 Rd1+ 37. Kf2 Rd2+ 38. Ke3 Rxc2 39.
Kd3 Rd2+ 40. Ke3 Rd7 0-1

[Event "Frankfurt Ch 2007"]
[Site "Ffm-Kalbach, LAZ"]
[Date "2007.06.11"]
[Round "6.27"]
[White "Matzies, Alexander"]
[Black "Rondio, Thomas"]
[Result "1/2-1/2"]
[WhiteElo "1995"]
[BlackElo "1689"]
[PlyCount "44"]
[EventDate "2007.??.??"]

1. e4 e5 2. Nf3 Nc6 3. d4 exd4 4. Bc4 Nf6 5. e5 d5 6. Bb5 Nd7 7. O-O Be7 8.
Bxc6 bxc6 9. Nxd4 Nxe5 10. Bf4 f6 11. Bxe5 fxe5 12. Nxc6 Qd6 13. Nxe7 Kxe7 14.
Nc3 Be6 15. Qh5 Bf7 16. Qe2 Rhe8 17. Rad1 Rad8 18. Rfe1 Kf8 19. Ne4 Qh6 20. Nc5
Bh5 21. f3 Qb6 22. Qf2 Qxb2 1/2-1/2

[Event "Frankfurt Ch 2007"]
[Site "Ffm-Kalbach, LAZ"]
[Date "2007.06.11"]
[Round "6.28"]
[White "Goldt, Rainer"]
[Black "Winand, Edgar"]
[Result "1-0"]
[WhiteElo "1876"]
[BlackElo "1723"]
[PlyCount "37"]
[EventDate "2007.??.??"]

1. e4 g6 2. d4 d6 3. Nc3 Bg7 4. Be3 Nc6 5. Qd2 e5 6. d5 Nd4 7. Nge2 Nxe2 8.
Bxe2 f5 9. f4 fxe4 10. Nxe4 Bf5 11. Ng3 exf4 12. Nxf5 fxe3 13. Nxg7+ Kf7 14.
Qd4 c5 15. Qc3 Qh4+ 16. g3 Qb4 17. O-O+ Ke7 18. Qxe3+ Kd7 19. Rf7+ 1-0

[Event "Frankfurt Ch 2007"]
[Site "Ffm-Kalbach, LAZ"]
[Date "2007.06.11"]
[Round "6.29"]
[White "Arnold, Michael"]
[Black "Adair, Robin"]
[Result "1-0"]
[WhiteElo "1614"]
[BlackElo "2009"]
[PlyCount "169"]
[EventDate "2007.??.??"]

1. d4 g6 2. Nf3 Bg7 3. e3 Nf6 4. Bd3 c5 5. c3 cxd4 6. exd4 O-O 7. O-O d6 8. Bg5
Qb6 9. Qb3 Qc7 10. Nbd2 Nc6 11. Rfe1 Be6 12. Rxe6 fxe6 13. Qxe6+ Kh8 14. Qh3
Qc8 15. Qh4 Qe8 16. Re1 Qf7 17. Be3 Nd8 18. Ng5 Qe8 19. Nde4 h5 20. Bd2 Nxe4
21. Qxe4 e5 22. dxe5 dxe5 23. Qxg6 Qxg6 24. Bxg6 Nc6 25. Bxh5 Kg8 26. Ne6 Rf6
27. Nxg7 Kxg7 28. Bf3 Re8 29. Be4 Rd6 30. Be3 a6 31. b3 Red8 32. Kf1 Kf6 33.
Ke2 R6d7 34. h4 Rh8 35. Bg5+ Ke6 36. g4 Ne7 37. Rd1 Rxd1 38. Kxd1 Nd5 39. Bf5+
Kf7 40. Kd2 Nf4 41. Bxf4 exf4 42. h5 Kf6 43. f3 Ke5 44. Kd3 Rh6 45. Kc4 Rc6+
46. Kb4 b5 47. Be4 Rh6 48. c4 bxc4 49. Kxc4 Rh8 50. Kb4 Rg8 51. h6 Kf6 52. Ka5
Re8 53. Bb7 Rh8 54. Kxa6 Rxh6 55. b4 Ke5+ 56. Ka5 Kd4 57. b5 Kc5 58. Bc6 Re6
59. a4 Re3 60. Ka6 Ra3 61. a5 Ra1 62. Be4 Ra4 63. b6 Rxe4 64. fxe4 f3 65. b7 f2
66. b8=Q f1=Q+ 67. Ka7 Qf7+ 68. Qb7 Qf4 69. Qd5+ Kb4 70. e5 Qxg4 71. Qd2+ Kb5
72. Qd5+ Kb4 73. a6 Qf5 74. Qd6+ Kb5 75. Qb6+ Kc4 76. e6 Qf6 77. Kb7 Kd5 78.
Qc6+ Ke5 79. a7 Kf4 80. a8=Q Qb2+ 81. Kc8 Qh8+ 82. Kc7 Qg7+ 83. Qd7 Qc3+ 84.
Qac6 Qa5+ 85. Kc8 1-0